[Event "Regionalliga Nord-Ost 1819"]
[Site "Bayern"]
[Date "2018.11.11"]
[Round "2.7"]
[White "Reichmann, Ulrich"]
[Black "Luther, Helmut"]
[Result "1/2-1/2"]
[WhiteElo "1889"]
[BlackElo "1947"]
[PlyCount "25"]
[EventDate "2018.10.21"]
[EventType "team-tourn"]
[EventRounds "9"]
[EventCountry "GER"]
[SourceTitle "EXT 2022"]
[Source "ChessBase"]
[SourceDate "2021.10.06"]
[SourceVersion "1"]
[SourceVersionDate "2021.10.06"]
[SourceQuality "1"]
[WhiteTeam "Postbauer Heng"]
[BlackTeam "Nuernberg Sued SW II"]
[WhiteTeamCountry "GER"]
[BlackTeamCountry "GER"]

1. e4 d5 2. exd5 Qxd5 3. Nc3 Qa5 4. d4 Nf6 5. Bc4 Bf5 6. Nf3 e6 7. Bd2 c6 8. Nd5 Qd8 9. Nxf6+ gxf6 10. Bf4 Bd6 11. Bg3 Qc7 12. Qe2 Nd7 13. Nh4 1/2-1/2

[Event "Mittelfranken-chTB1 1718"]
[Site "Mittelfranken"]
[Date "2018.02.18"]
[Round "5.5"]
[White "Reichmann, Ulrich"]
[Black "Stertkuhl, Eric"]
[Result "1/2-1/2"]
[WhiteElo "1918"]
[BlackElo "2083"]
[PlyCount "101"]
[EventDate "2017.10.08"]
[EventType "team-tourn"]
[EventRounds "9"]
[EventCountry "GER"]
[SourceTitle "EXT 2022"]
[Source "ChessBase"]
[SourceDate "2021.10.06"]
[SourceVersion "1"]
[SourceVersionDate "2021.10.06"]
[SourceQuality "1"]
[WhiteTeam "Gunzenhausen"]
[BlackTeam "Postbauer Heng"]
[WhiteTeamCountry "GER"]
[BlackTeamCountry "GER"]

1. e4 e6 2. d4 d5 3. Nc3 dxe4 4. Nxe4 Bd7 5. Bg5 Be7 6. Bxe7 Qxe7 7. Qd2 Bc6 8. f3 Bxe4 9. fxe4 Qh4+ 10. Kd1 Qxe4 11. Bd3 Qd5 12. Nf3 Nf6 13. c4 Qd6 14. Re1 Nbd7 15. Kc2 c6 16. Rad1 0-0-0 17. Kb1 Kb8 18. Qc3 c5 19. Bc2 Qc7 20. Ka1 h6 21. Bb3 cxd4 22. Nxd4 a6 23. Rc1 Nc5 24. Bc2 Rd7 25. b4 Rhd8 26. Rcd1 e5 27. Nf3 Rxd1+ 28. Rxd1 Rxd1+ 29. Bxd1 Ncd7 30. c5 e4 31. Nd4 Nd5 32. Qb3 Qe5 33. Qb2 f5 34. c6 N7b6 35. Bb3 e3 36. b5 e2 37. Nxe2 Qxb2+ 38. Kxb2 axb5 39. Nd4 bxc6 40. Nxc6+ Kb7 41. Nd4 Ne3 42. Nxb5 f4 43. Nd4 Nxg2 44. Kc3 g5 45. Kd3 Ne3 46. Ke4 Nd7 47. h4 Nf6+ 48. Kf3 Nh5 49. hxg5 hxg5 50. Bf7 Nf6 51. Ne6 1/2-1/2

[Event "Mittelfranken-chTB1 1112"]
[Site "Germany"]
[Date "2012.03.25"]
[Round "9.5"]
[White "Reichmann, Ulrich"]
[Black "Nuding, Matthias"]
[Result "0-1"]
[WhiteElo "1967"]
[BlackElo "2100"]
[PlyCount "132"]
[EventDate "2011.09.25"]
[EventType "team-tourn"]
[EventRounds "9"]
[EventCountry "GER"]
[SourceTitle "EXT 2018"]
[Source "ChessBase"]
[SourceDate "2017.10.13"]
[SourceVersion "1"]
[SourceVersionDate "2017.10.13"]
[SourceQuality "1"]
[WhiteTeam "Gunzenhausen"]
[BlackTeam "Nuernberg NT III"]
[WhiteTeamCountry "GER"]
[BlackTeamCountry "GER"]

1. e4 d6 2. d4 Nf6 3. Nc3 e5 4. dxe5 dxe5 5. Qxd8+ Kxd8 6. Bg5 c6 7. Nf3 Nbd7 8. 0-0-0 Ke8 9. Bd3 Bc5 10. Rhf1 Ng4 11. Bh4 f6 12. h3 Nh6 13. Nd2 Nf7 14. Nb3 Bb4 15. Ne2 g5 16. Bg3 Ke7 17. f3 a5 18. c3 Bd6 19. c4 a4 20. Na1 Nc5 21. Bf2 Be6 22. Bxc5 Bxc5 23. Kb1 Rhd8 24. Nc2 Nd6 25. b4 axb3 26. axb3 Bb6 27. Nc3 Ne8 28. Na4 Bd4 29. Nxd4 Rxd4 30. Nc5 b6 31. Nxe6 Kxe6 32. Kb2 Rad8 33. Kc3 Nc7 34. Bc2 Rxd1 35. Rxd1 Rxd1 36. Bxd1 Kd6 37. b4 Ne6 38. g3 Ng7 39. g4 Ne6 40. Be2 Nd4 41. Bd1 Kc7 42. Kd2 Kb7 43. Kc3 Ka6 44. Kd2 c5 45. Kc3 cxb4+ 46. Kxb4 Nc6+ 47. Ka4 Kb7 48. Kb5 Nd4+ 49. Kb4 Kc6 50. Ba4+ Kd6 51. Bd1 h6 52. Ba4 Nxf3 53. Kb5 Kc7 54. c5 Nd4+ 55. Kc4 bxc5 56. Kxc5 Ne6+ 57. Kd5 Nf4+ 58. Kc5 Nxh3 59. Bd1 Kd7 60. Kd5 Ke7 61. Bf3 Nf4+ 62. Kc5 Kf7 63. Bd1 Kg6 64. Ba4 h5 65. Be8+ Kh6 66. gxh5 g4 0-1

[Event "Mittelfranken-chTB1 1112"]
[Site "Germany"]
[Date "2012.02.26"]
[Round "7.6"]
[White "Reichmann, Ulrich"]
[Black "Braun, Michael1111"]
[Result "1-0"]
[WhiteElo "1967"]
[BlackElo "1904"]
[PlyCount "51"]
[EventDate "2011.09.25"]
[EventType "team-tourn"]
[EventRounds "9"]
[EventCountry "GER"]
[SourceTitle "EXT 2018"]
[Source "ChessBase"]
[SourceDate "2017.10.13"]
[SourceVersion "1"]
[SourceVersionDate "2017.10.13"]
[SourceQuality "1"]
[WhiteTeam "Gunzenhausen"]
[BlackTeam "Buechenbach/Roth"]
[WhiteTeamCountry "GER"]
[BlackTeamCountry "GER"]

1. e4 e5 2. f4 exf4 3. Bc4 Nc6 4. Nf3 d6 5. d4 g5 6. 0-0 Bg7 7. c3 Bg4 8. Qb3 Na5 9. Bxf7+ Ke7 10. Qd5 Bxf3 11. Bxg8 Rxg8 12. Rxf3 Bh6 13. Qxa5 Qd7 14. Qf5 Qxf5 15. exf5 Kf6 16. g4 fxg3 17. hxg3 g4 18. Rf1 Bxc1 19. Rxc1 Kxf5 20. Re1 Rg7 21. Nd2 Kg6 22. Re6+ Kf7 23. d5 Rg5 24. c4 b5 25. Rf1+ Kg8 26. Ne4 1-0

[Event "Mittelfranken-chTB1 1112"]
[Site "Germany"]
[Date "2012.02.05"]
[Round "6.7"]
[White "Reichmann, Ulrich"]
[Black "Diehl, Achim"]
[Result "0-1"]
[WhiteElo "1959"]
[BlackElo "1959"]
[PlyCount "80"]
[EventDate "2011.09.25"]
[EventType "team-tourn"]
[EventRounds "9"]
[EventCountry "GER"]
[SourceTitle "EXT 2013"]
[Source "ChessBase"]
[SourceDate "2012.11.22"]
[SourceVersion "1"]
[SourceVersionDate "2012.11.22"]
[SourceQuality "1"]
[WhiteTeam "Gunzenhausen"]
[BlackTeam "Nuernberg Sued SW II"]
[WhiteTeamCountry "GER"]
[BlackTeamCountry "GER"]

1. e4 c5 2. Nf3 d6 3. d4 cxd4 4. Nxd4 Nf6 5. Nc3 a6 6. Rg1 g6 7. g4 h5 8. g5 Nfd7 9. Be3 Bg7 10. f4 e5 11. fxe5 Nxe5 12. h3 Nbc6 13. Nb3 Be6 14. Nd5 Bxd5 15. exd5 Ne7 16. Be2 Qc7 17. Qd2 Nf5 18. Bf2 0-0 19. 0-0-0 Nc4 20. Bxc4 Qxc4 21. Kb1 a5 22. Nd4 Qxd5 23. Nxf5 Qxf5 24. Bd4 Qxh3 25. Bxg7 Kxg7 26. Qxd6 Qf5 27. Rdf1 Rfd8 28. Qc7 Qd5 29. Qf4 Rac8 30. a3 Qc4 31. Qf6+ Kg8 32. Rf2 Rd7 33. Qf3 Qd5 34. Qf4 Qd4 35. Qf3 Rc5 36. Qe2 Re5 37. Qf1 Rde7 38. Qg2 Re1+ 39. Rxe1 Rxe1+ 40. Ka2 Qc4+ 0-1

[Event "Mittelfranken-chTB1 1112"]
[Site "Germany"]
[Date "2011.09.25"]
[Round "1.5"]
[White "Obsieger, Hendrik"]
[Black "Reichmann, Ulrich"]
[Result "0-1"]
[WhiteElo "1869"]
[BlackElo "1959"]
[PlyCount "76"]
[EventDate "2011.09.25"]
[EventType "team-tourn"]
[EventRounds "9"]
[EventCountry "GER"]
[SourceTitle "EXT 2013"]
[Source "ChessBase"]
[SourceDate "2012.11.22"]
[SourceVersion "1"]
[SourceVersionDate "2012.11.22"]
[SourceQuality "1"]
[WhiteTeam "Erlangen SC II"]
[BlackTeam "Gunzenhausen"]
[WhiteTeamCountry "GER"]
[BlackTeamCountry "GER"]

1. e4 c5 2. Nc3 e6 3. g3 d5 4. d3 dxe4 5. dxe4 Qxd1+ 6. Nxd1 Nc6 7. Bg2 e5 8. Ne3 Nf6 9. Bd2 Be6 10. 0-0-0 Nd4 11. c3 Nc6 12. Nd5 0-0-0 13. Bg5 h6 14. Bxf6 gxf6 15. Ne2 Bg7 16. f4 f5 17. exf5 Bxf5 18. fxe5 Bg4 19. Rd2 Nxe5 20. Nef4 Rhe8 21. Rf1 h5 22. h3 Be6 23. Nxh5 Bh6 24. Nhf4 Nc4 25. Rdd1 Bxd5 26. Rxd5 Ne3 27. Rxd8+ Rxd8 28. Rg1 Bxf4 29. gxf4 Rd6 30. Bf3 Rf6 31. Re1 Nf5 32. Bg4 Kc7 33. Re5 Nd6 34. f5 b5 35. Re7+ Kb6 36. Re5 Nc4 37. Rd5 a5 38. Kc2 Ne3+ 0-1

[Event "Mittelfranken-chTB1 0910"]
[Site "Mittelfranken"]
[Date "2010.04.18"]
[Round "9.8"]
[White "Reichmann, Ulrich"]
[Black "Puschak, Oliver"]
[Result "1/2-1/2"]
[WhiteElo "1949"]
[BlackElo "1898"]
[PlyCount "83"]
[EventDate "2009.10.11"]
[EventType "team-tourn"]
[EventRounds "9"]
[EventCountry "GER"]
[SourceTitle "EXT 2011"]
[Source "ChessBase"]
[SourceDate "2010.11.26"]
[SourceVersion "1"]
[SourceVersionDate "2010.11.26"]
[SourceQuality "1"]
[WhiteTeam "Gunzenhausen"]
[BlackTeam "Lauf"]
[WhiteTeamCountry "GER"]
[BlackTeamCountry "GER"]

1. e4 e6 2. c4 d5 3. cxd5 exd5 4. exd5 Nf6 5. Qa4+ Bd7 6. Qb3 Qc8 7. Bc4 Bd6 8. Ne2 0-0 9. 0-0 c6 10. Nbc3 Ng4 11. f4 cxd5 12. Bxd5 Nc6 13. Ne4 Bc7 14. Kh1 Qe8 15. h3 Nh6 16. N2g3 Bb6 17. Qd1 Nf5 18. Nxf5 Bxf5 19. d3 Rd8 20. Nc3 Nb4 21. Re1 Qd7 22. Be4 Nxd3 23. Bxd3 Bxd3 24. Qf3 Bc4 25. Be3 Ba5 26. f5 f6 27. Qg4 Bd3 28. Ne4 Bxe4 29. Qxe4 Bxe1 30. Rxe1 b6 31. Qf3 Qd5 32. Qg4 Qxa2 33. Bh6 Rf7 34. Re6 Qxb2 35. h4 Qd4 36. Re8+ Rxe8 37. Qxd4 gxh6 38. Qg4+ Kf8 39. Qb4+ Rfe7 40. Qd6 Kf7 41. Qd5+ Kf8 42. Qd6 1/2-1/2

[Event "Mittelfranken-chTB1 0910"]
[Site "Mittelfranken"]
[Date "2009.12.06"]
[Round "4.8"]
[White "Koerber, Thomas"]
[Black "Reichmann, Ulrich"]
[Result "0-1"]
[WhiteElo "1871"]
[BlackElo "1949"]
[PlyCount "72"]
[EventDate "2009.10.11"]
[EventType "team-tourn"]
[EventRounds "9"]
[EventCountry "GER"]
[SourceTitle "EXT 2011"]
[Source "ChessBase"]
[SourceDate "2010.11.26"]
[SourceVersion "1"]
[SourceVersionDate "2010.11.26"]
[SourceQuality "1"]
[WhiteTeam "Fuerth SF"]
[BlackTeam "Gunzenhausen"]
[WhiteTeamCountry "GER"]
[BlackTeamCountry "GER"]

1. d4 c5 2. e3 g6 3. Nf3 Bg7 4. Bd3 Nf6 5. 0-0 b6 6. Nbd2 0-0 7. c3 d5 8. Ne5 Nfd7 9. f4 f6 10. Nxd7 Bxd7 11. dxc5 bxc5 12. e4 e6 13. exd5 exd5 14. f5 g5 15. c4 d4 16. Ne4 Qb6 17. b3 a5 18. a4 Na6 19. Ba3 Rfe8 20. Rb1 Re5 21. Nd2 Rae8 22. Nf3 R5e7 23. Qc2 g4 24. Nd2 Bc6 25. Rf2 Bh6 26. Nf1 Be4 27. Bxe4 Rxe4 28. Bc1 Nb4 29. Qd1 Bxc1 30. Rxc1 Qd6 31. Qd2 Qe5 32. Rd1 d3 33. Ng3 Re1+ 34. Rxe1 Qxe1+ 35. Qxe1 Rxe1+ 36. Rf1 d2 0-1

[Event "Mittelfrankenliga-B2b 0708"]
[Site "Mittelfranken"]
[Date "2008.03.02"]
[Round "7.3"]
[White "Lang, Christoph"]
[Black "Reichmann, Ulrich"]
[Result "1/2-1/2"]
[WhiteElo "1814"]
[BlackElo "1944"]
[PlyCount "29"]
[EventDate "2007.10.14"]
[EventType "team-tourn"]
[EventRounds "9"]
[EventCountry "GER"]
[SourceTitle "EXT 2011"]
[Source "ChessBase"]
[SourceDate "2010.11.26"]
[SourceVersion "1"]
[SourceVersionDate "2010.11.26"]
[SourceQuality "1"]
[WhiteTeam "Bad Windsheim"]
[BlackTeam "Heideck/Hilpoltstein"]
[WhiteTeamCountry "GER"]
[BlackTeamCountry "GER"]

1. d4 c5 2. d5 Nf6 3. c4 e6 4. Nc3 exd5 5. cxd5 d6 6. Bg5 Be7 7. Nf3 0-0 8. e3 Nbd7 9. Be2 Nb6 10. 0-0 Bg4 11. h3 Bh5 12. Bf4 Bg6 13. Nh4 Be4 14. Nxe4 Nxe4 15. Nf5 1/2-1/2